[Event "Yingmei Cup CHN-chT 2017"]
[Site "Guangdong"]
[Date "2017.12.03"]
[Round "20"]
[White "Lagno, Kateryna"]
[Black "Zhai, Mo"]
[Result "1-0"]
[WhiteElo "2547"]
[BlackElo "2300"]
[Annotator "TA"]
[PlyCount "131"]
[EventDate "2017.??.??"]
[EventCountry "CHN"]
[SourceTitle "playchess.com"]
[Source "ChessBase"]
[SourceQuality "1"]

{[%evp 19,131,8,8,0,33,40,59,50,46,37,37,39,45,30,41,52,53,22,16,18,12,18,20,20,28,6,16,13,19,0,12,-21,-14,-14,-14,-14,-14,-24,-15,-27,-5,-7,-5,-1,0,0,10,0,0,-31,-22,-36,0,0,0,0,0,-4,202,206,205,195,205,195,187,186,186,154,202,130,191,169,195,197,196,197,265,175,245,102,114,155,130,145,106,45,215,99,193,68,228,245,228,224,606,556,679,674,12836,12836,12837,12837,12837,12838,12843,12843,12845,12845,12845,12846,12846,12847,12848,12847]} 1. e4 c5 2. Nf3 d6 3. d4 cxd4 4. Nxd4 Nf6 5. Nc3 a6 6. Be3 e5 7. Nf3 Be7 8. Bc4 Be6 9. Bb3 {B90: Sicilian Najdorf: Unusual White 6th moves, 6 Be3 Ng4 and 6 Be3 e5} Nc6 10. O-O Na5 {LiveBook: 3 Games} 11. Nd5 $146 {The position is equal.} ({Predecessor:} 11. Qe2 Nxb3 12. axb3 h6 13. Rfd1 Qc7 14. Nd5 Nxd5 15. exd5 Bg4 16. h3 Bxf3 17. Qxf3 Qxc2 {0-1 (60) Vera Siguenas,D (2496)-Barrientos,S (2466) Badalona 2016}) 11... Nxd5 12. Bxd5 Bxd5 13. Qxd5 Rc8 14. Bd2 (14. b3 {seems wilder.} O-O 15. Bd2 Nc6 16. c4 Qb6 17. Qd3) 14... Nc6 {[%cal Ba5c6,Bc6d8,Bd8e6][%mdl 32]} 15. c4 Qb6 16. Qd3 O-O 17. b3 Qc7 18. Bc3 Nd8 19. Rac1 Ne6 20. Bd2 Qc6 21. Be3 g6 22. Qd5 Rc7 23. c5 (23. Rfd1 {keeps more tension.} Rfc8 24. Qxc6 Rxc6 25. Ne1 f5 26. exf5 gxf5 27. Nd3) 23... Nf4 24. Bxf4 exf4 25. cxd6 Qxd5 26. exd5 Bxd6 27. Rxc7 Bxc7 $11 {[%mdl 4096] Endgame KRB-KRN} 28. Rc1 Bd6 29. Kf1 Re8 30. Nd2 Rd8 31. Ne4 Kg7 32. Ke2 Be5 33. Rd1 b6 34. Kf3 h6 35. Rd3 g5 (35... f5 $5 {[%cal Rf5e4]} 36. Nc3 g5 $15) 36. Nd2 Kf6 37. Nc4 b5 38. Na5 Rc8 $2 (38... h5 $11) 39. d6 $18 {And now d7 would win.} Rc2 {With the idea ...h5.} 40. d7 Bc7 41. d8=Q+ Bxd8 42. Rxd8 Rxa2 {KRN-KR} 43. b4 h5 44. h3 Rc2 (44... Rb2 $16) 45. Rd5 Kg6 46. Rc5 Rb2 47. Nc6 f5 (47... f6 {keeps fighting.} 48. h4 Kh6 49. hxg5+ fxg5) 48. Rd5 g4+ (48... Rb3+ $142 49. Ke2 Ra3 50. Ne5+ Kf6) 49. hxg4 (49. Kxf4 $18 Rxf2+ 50. Kg3) 49... hxg4+ ({Black should try} 49... fxg4+ 50. Kxf4 Rxf2+ 51. Kg3 Ra2 52. Ne5+ Kf6) 50. Kxf4 $16 {Strongly threatening Ne5+.} Rxf2+ 51. Kg3 Rb2 52. Rd8 (52. Rc5 $16) 52... Rc2 $2 (52... Kf6 $14) 53. Ne5+ (53. Nd4 $18 {is the precise move to win.} Ra2 54. Rd5) 53... Kg5 {[#]} (53... Kf6 $16 {was worth a try.}) 54. Nd3 (54. Rg8+ $1 $18 Kh5 55. Ng6) 54... Rd2 $2 (54... Ra2 $14) 55. Rg8+ $18 Kf6 {[#]} 56. Nf4 $1 {Black must now prevent Rg6+.} Rb2 $2 (56... Ra2 57. Kh4 Ra4) 57. Rg6+ {White is clearly winning.} Kf7 58. Rxa6 Rxb4 59. Ra7+ Ke8 60. Ne6 Rb2 61. Ng7+ Kf8 62. Nxf5 b4 63. Rb7 Ke8 64. Nd4 Rb1 65. Kxg4 Kf8 66. Kg5 {Precision: White = 47%, Black = 38%.} 1-0

[Event "Yingmei Cup CHN-chT 2017"]
[Site "Guangdong"]
[Date "2017.12.03"]
[Round "20"]
[White "Zeng, Chongsheng"]
[Black "Rapport, Richard"]
[Result "1/2-1/2"]
[WhiteElo "2546"]
[BlackElo "2707"]
[Annotator "TA"]
[PlyCount "69"]
[EventDate "2017.??.??"]
[EventCountry "CHN"]
[SourceTitle "playchess.com"]
[Source "ChessBase"]
[SourceQuality "1"]

{[%evp 22,69,31,28,47,40,45,47,42,41,36,20,21,36,46,25,20,16,21,22,21,16,32,0,17,0,26,0,0,5,5,11,14,0,0,0,0,0,0,0,0,0,0,0,0,0,0,0,0,0]} 1. d4 Nf6 2. c4 e6 3. g3 Bb4+ 4. Bd2 Be7 5. Bg2 O-O 6. Nf3 b6 7. Nc3 Bb7 8. O-O Na6 9. Bf4 Ne4 {E18: Queen's Indian: Old Main Line (4 g3 Bb7 5 Bg2 Be7 6 0-0 0-0 7 Nc3)} 10. Nxe4 (10. Qc2 Nb4 11. Qa4 c5 12. Ne5 Nxc3 13. bxc3 Bxg2 14. Kxg2 Nc6 15. Nxc6 dxc6 16. dxc5 Bxc5 17. Qxc6 {½-½ (40) Van Wely,L (2667)-Sokolov,I (2623) Amstelveen 2016}) 10... Bxe4 11. Qa4 Qc8 12. Rfd1 {LiveBook: 6 Games} Re8 13. Rac1 c5 {[#]} 14. d5 $146 ({Predecessor:} 14. Ne1 Bxg2 15. Nxg2 cxd4 16. Be5 Nc5 17. Qc2 Qb7 18. Bxd4 Rac8 19. b3 Red8 20. Qb2 f6 21. Nf4 Ne4 22. f3 Ng5 23. Ng2 h5 24. h4 Nh7 {½-½ (24) Abramovic,B (2524)-Romanishin,O (2542) Belgrade 2006}) 14... Bf6 15. dxe6 dxe6 16. Ne5 Bxg2 17. Kxg2 Nb4 18. a3 Bxe5 19. Bxe5 Qc6+ 20. Qxc6 Nxc6 21. Bc3 Red8 22. f4 f6 23. Kf3 Kf7 24. g4 {[%cal Bg3g4,Bg4g5][%mdl 32]} a5 {The position is equal.} 25. a4 Ke7 26. h4 h5 27. g5 Kf7 28. e4 Ne7 29. Be1 f5 30. e5 Ke8 31. Ke3 Ng6 32. Bg3 Rac8 33. Ra1 Ne7 34. Be1 Ng6 35. Bg3 {Precision: White = 63%, Black = 75%.} 1/2-1/2

[Event "Yingmei Cup CHN-chT 2017"]
[Site "Guangdong"]
[Date "2017.12.03"]
[Round "20"]
[White "Gao, Rui"]
[Black "Fang, Yuxiang"]
[Result "1/2-1/2"]
[WhiteElo "2545"]
[BlackElo "2503"]
[Annotator "TA"]
[PlyCount "66"]
[EventDate "2017.??.??"]
[EventCountry "CHN"]
[SourceTitle "playchess.com"]
[Source "ChessBase"]
[SourceQuality "1"]

{[%evp 14,66,0,0,0,0,0,-4,0,0,0,0,23,11,18,0,17,4,30,36,40,13,32,15,16,31,108,0,-8,-20,0,0,0,-36,-27,-38,-27,-38,14,17,14,11,9,15,46,49,55,48,67,22,36,0,62,0,41]} 1. e4 e5 2. Nf3 Nc6 3. Bb5 Nf6 4. d3 Bc5 5. O-O d6 6. Nbd2 {C65: Ruy Lopez: Berlin Defence (3...Nf6), unusual lines and 4 0-0 Bc5} O-O 7. Bxc6 bxc6 8. h3 {LiveBook: 16 Games} a5 9. Re1 Re8 10. Nf1 h6 11. Ng3 Bb6 $146 ({Predecessor:} 11... Rb8 12. b3 Bb4 13. Bd2 Ra8 {1-0 (40) Carlsen,M (2862)-Radjabov,T (2734) Wijk aan Zee 2015}) 12. a4 Be6 13. b3 Nd7 {[%cal Bf6d7,Bd7b8,Bb8c6,Bc6d4][%mdl 32]} 14. Bb2 c5 15. Nd2 Nb8 16. Nc4 Nc6 17. Re3 Rf8 18. Qd2 Nd4 19. Rf1 c6 (19... Qh4 $14) 20. Qd1 (20. Nxb6 $16 Qxb6 21. Nh5) 20... Bc7 $11 21. Bc1 Kh7 22. Ree1 Rb8 23. Bd2 f6 24. Ne3 d5 25. Bc1 $1 Bd6 (25... Qd7 $15) 26. Nef5 Nxf5 27. Nxf5 Bxf5 28. exf5 Qd7 29. Qg4 Qf7 30. Bd2 Bc7 31. Be3 Bd6 32. Bd2 Bc7 33. Be3 Bd6 {Precision: White = 62%, Black = 48%.} 1/2-1/2

[Event "Yingmei Cup CHN-chT 2017"]
[Site "Guangdong"]
[Date "2017.12.03"]
[Round "20"]
[White "Zhao, Zong-Yuan"]
[Black "Li, Di"]
[Result "1/2-1/2"]
[WhiteElo "2543"]
[BlackElo "2485"]
[Annotator "TA"]
[PlyCount "45"]
[EventDate "2017.??.??"]
[EventCountry "CHN"]
[SourceTitle "playchess.com"]
[Source "ChessBase"]
[SourceQuality "1"]

{[%evp 20,45,12,16,15,10,31,26,23,10,18,7,27,20,31,18,25,20,81,4,10,0,80,0,0,0,76,0]} 1. c4 e6 2. Nc3 d5 3. d4 Nf6 4. cxd5 exd5 5. Bg5 c6 6. e3 Be7 7. Bd3 Nbd7 8. Nge2 O-O 9. O-O Re8 10. Rb1 h6 11. Bh4 Ne4 {D35: Damengambit (Abtauschvariante)} 12. Bxe7 Qxe7 13. b4 Ndf6 {Weiß hat minimalen Vorteil.} 14. Bxe4 dxe4 15. Nf4 $146 ({Vorgänger:} 15. b5 Bd7 16. bxc6 Bxc6 17. Qb3 Red8 18. Nf4 Rab8 19. a4 {0-1 (51) Diez del Corral,J (2490)-Panchenko,A (2495) Las Palmas 1978}) 15... Qd6 16. h3 Bf5 17. Qa4 g5 18. Nfe2 Qe6 (18... a6 $11 {bleibt in der Remisbreite.}) 19. Kh2 ({Besser ist} 19. b5 $16) 19... Qd6+ $11 20. Kg1 (20. Ng3 $11) 20... Qe6 $16 21. Kh2 (21. b5 $16) 21... Qd6+ $11 22. Kg1 (22. Ng3 $11) 22... Qe6 $16 23. Kh2 {Precision: Weiß = 40%, Schwarz = 59%.} ({Günstiger ist} 23. b5 $16) 1/2-1/2

[Event "Yingmei Cup CHN-chT 2017"]
[Site "Guangdong"]
[Date "2017.12.03"]
[Round "20"]
[White "Xu, Jun"]
[Black "Lu, Shanglei"]
[Result "0-1"]
[WhiteElo "2510"]
[BlackElo "2640"]
[Annotator "TA"]
[PlyCount "62"]
[EventDate "2017.??.??"]
[EventCountry "CHN"]
[SourceTitle "playchess.com"]
[Source "ChessBase"]
[SourceQuality "1"]

{[%evp 17,62,7,12,20,39,9,59,75,62,62,46,47,54,68,58,7,32,29,41,18,60,-7,54,-45,-33,-83,-77,-85,-100,-153,-147,-140,-143,-178,-117,-119,-119,-127,-119,-392,-381,-383,-384,-421,-402,-412,-398]} 1. d4 d6 2. Nf3 g6 3. c4 f5 4. g3 Bg7 5. Bg2 Nf6 6. O-O O-O 7. Nc3 c6 8. d5 Bd7 9. Nd4 c5 {LiveBook: 3 Games. A88: Dutch Defence: Leningrad System: 5 Nf3 0-0 6 0-0 d6 7 Nc3 c6} 10. Nf3 Na6 11. Re1 $146 ({Predecessor:} 11. e4 fxe4 12. Ng5 Nc7 13. Re1 Ng4 14. Ncxe4 Ne5 15. Qc2 b5 16. Nd2 Rb8 17. Rb1 {0-1 (30) Tozer,R (2312)-Cherniaev,A (2506) Hastings 2003}) 11... Nc7 {The position is equal.} 12. a4 $1 h6 13. e4 fxe4 14. Nxe4 Nxe4 15. Rxe4 Rf7 16. Re1 (16. Ra3 $14) 16... e6 17. dxe6 Bxe6 18. Qd3 Qd7 19. Be3 (19. Bf4 $1 $14) 19... Re8 (19... g5 $11) 20. Nd2 (20. Qxg6 $2 Bf5 $19) ({White should play} 20. Rad1 $14) 20... Bf5 $15 21. Be4 {[#]} Bxe4 $1 ({Don't play} 21... Bxb2 $6 22. Rab1 $14) 22. Nxe4 Qf5 $36 {[%mdl 2048] Keeping White busy.} 23. f3 (23. Bf4 $142) 23... Qxf3 $17 ({Stronger than} 23... Bxb2 24. Rad1 $14) 24. Nd2 Qf6 25. Rab1 Na6 (25... Re6 $19 26. b4 cxb4 27. Rxb4 Na6) 26. Bf4 Rfe7 27. Rxe7 Rxe7 28. Bxd6 $2 {[%mdl 8192]} (28. h4 $17) 28... Qd4+ $19 ({Worse is} 28... Rf7 29. Ne4 $11) 29. Qxd4 Bxd4+ 30. Kh1 {[#]} Re6 $1 31. Bf4 g5 {Precision: White = 27%, Black = 47%.} 0-1

[Event "Yingmei Cup CHN-chT 2017"]
[Site "Guangdong"]
[Date "2017.12.03"]
[Round "20"]
[White "Stefanova, Antoaneta"]
[Black "Ju, Wenjun"]
[Result "0-1"]
[WhiteElo "2506"]
[BlackElo "2579"]
[Annotator "TA"]
[PlyCount "94"]
[EventDate "2017.??.??"]
[EventCountry "CHN"]
[SourceTitle "playchess.com"]
[Source "ChessBase"]
[SourceQuality "1"]

{[%evp 15,94,2,4,-16,-6,-8,-4,-22,-22,-22,-8,-21,-15,-26,-16,-20,12,10,21,21,21,21,21,21,21,20,22,23,33,20,39,39,39,25,39,30,61,33,31,39,33,14,10,0,13,0,0,0,0,0,0,0,0,0,0,0,0,0,0,0,0,0,0,-29973,-29974,-29973,-29975,-29972,-29973,-29973,-29974,-29974,-29975,-29975,-29976,-29976,-29977,-29989,-29990,-29990,-29991]} 1. Nf3 d5 2. g3 c6 3. Bg2 Bg4 4. O-O Nd7 5. d3 Ngf6 6. h3 Bxf3 {A07: Réti Opening: New York and Capablanca Systems} 7. Bxf3 e5 8. Nd2 (8. e4 Bc5 9. Nc3 dxe4 10. Nxe4 Nxe4 11. dxe4 O-O 12. Qe2 Qe7 {½-½ (71) Ding,L (2781)-Yu,Y (2753) Danzhou 2017}) 8... Bc5 {LiveBook: 10 Games. The position is equal.} 9. c4 O-O 10. cxd5 $146 ({Predecessor:} 10. a3 Qe7 11. e3 a5 12. Qc2 Rfe8 13. Bg2 a4 14. Re1 e4 15. d4 {0-1 (48) Mayr,M (2123)-Peredy,F (2343) Triesen 2006}) 10... cxd5 11. Qb3 Bb6 12. a4 Nc5 13. Qa3 {Strongly threatening a5.} Ne6 14. a5 Bc5 15. b4 Bd4 16. Bb2 Rc8 17. Rfc1 Qd6 18. e3 Bxb2 19. Qxb2 b6 20. axb6 axb6 21. Bg2 h6 22. h4 h5 23. Bh3 Ng4 24. Nf3 f6 25. Rc3 Rc7 26. Rac1 Rfc8 27. Rxc7 Rxc7 28. Rxc7 Nxc7 29. Qc3 (29. Qb3 {is more complex.} Kf8 30. Qa3 Kf7 31. Qa4 Kg6 32. Nh2) 29... Kh7 (29... Kf7 {feels hotter.} 30. Kg2 Nh6 31. Qa3 Ng8 32. Qa4 Ne7) 30. Bxg4 (30. d4 {seems wilder.} e4 31. Nd2 Kg6 32. Nb1 Nb5 33. Qb3) 30... hxg4 31. Nh2 f5 32. d4 e4 33. Nf1 Qd7 34. Nd2 Nb5 35. Qc1 Nd6 36. Kg2 Qb5 37. Qc3 Qe2 38. Qc6 f4 {[%cal Bf5f4,Bf4f3][%mdl 32] ( -> ...f3+)} 39. Qxd5 $2 {[%mdl 8192] [#]} (39. Nf1 $11 Nf5 40. Qe8 Nxh4+ 41. Kg1 Nf3+ 42. Kg2) 39... f3+ {Black mates.} 40. Kg1 Qxd2 41. Qh5+ Kg8 42. Qd5+ Nf7 43. Qa8+ Kh7 44. Qxe4+ g6 45. Qb1 Nd6 46. h5 {[#]} Ne4 $1 {[%mdl 512]} 47. hxg6+ (47. Qxe4 Qe1+) 47... Kg7 {Precision: White = 58%, Black = 81%.} 0-1

[Event "Yingmei Cup CHN-chT 2017"]
[Site "Guangdong"]
[Date "2017.12.03"]
[Round "20"]
[White "Wan, Yunguo"]
[Black "Xu, Xiangyu"]
[Result "1-0"]
[WhiteElo "2491"]
[BlackElo "2549"]
[Annotator "TA"]
[PlyCount "87"]
[EventDate "2017.??.??"]
[EventCountry "CHN"]
[SourceTitle "playchess.com"]
[Source "ChessBase"]
[SourceQuality "1"]

{[%evp 14,87,16,14,26,30,55,41,67,32,90,93,127,116,132,111,107,106,130,133,134,141,138,141,114,138,152,102,102,115,105,112,120,78,168,158,177,159,203,0,0,0,0,7,34,26,65,6,162,72,293,268,473,137,128,132,153,117,308,303,431,378,364,319,803,750,872,850,850,838,821,788,899,873,873,873]} 1. e4 {[%cal Be2e4,Be4e5][%mdl 32]} c6 2. d4 d5 3. e5 c5 4. dxc5 e6 5. a3 Bxc5 6. b4 {B12: Caro-Kann (Vorstoß-Variante)} Bb6 7. Nf3 Ne7 8. Bb2 {LiveBook: 3 Partien. Die Stellung ist ausgeglichen.} Ng6 $146 ({Vorgänger:} 8... a5 9. b5 a4 10. Be2 Nd7 11. O-O O-O 12. c4 Nc5 13. Nc3 dxc4 {½-½ (39) Salgado Lopez,I (2629)-Gharamian,T (2626) Heraklio 2017}) 9. h4 h5 10. g3 Nc6 11. Bd3 Bd7 ({Günstiger ist} 11... Qc7 $14) 12. O-O $16 Nge7 13. Nbd2 Nf5 14. Bxf5 exf5 15. c4 f4 16. cxd5 fxg3 17. Ne4 $1 (17. dxc6 $6 Bxc6 18. Qe2 Qd5 $14) 17... O-O 18. dxc6 Bxc6 19. Qc2 gxf2+ 20. Rxf2 Bxe4 21. Qxe4 {Und Ld4 würde nun gewinnen.} Bxf2+ 22. Kxf2 Rc8 23. Re1 {[%cal Ba1e1,Be1e2,Be2f2][%mdl 32]} Rc6 (23... Qb6+ $16 24. Kg3 Qc6) 24. Ng5 $18 {[%csl Gg5][%cal Re4h7]} g6 25. Re2 Qd1 26. Kg2 $2 (26. Kg3 $18) 26... Rfc8 $1 $11 {Droht stark ...Tc2.} 27. Rf2 {Schwarz muss nun e6 beachten.} Rc2 (27... Rc4 $5 28. Qf3 $8 Qxf3+ 29. Nxf3 b6 $11) 28. Bd4 Rc1 29. Kh3 $40 {[%mdl 128] Weiss hat einigen Angriff.} Qg1 30. Qf3 (30. Rd2 $14 Qe1 31. Re2 Qh1+ 32. Qxh1 Rxh1+ 33. Kg3) 30... R8c7 $2 (30... Qh1+ $1 $11 {und Schwarz muss sich keine Sorgen machen.} 31. Qxh1 Rxh1+ 32. Kg3 Rg1+ 33. Kf3 b6) 31. Ne4 (31. Bxa7 R7c3 $15) (31. Nxf7 Qg4+ 32. Qxg4 hxg4+ 33. Kxg4 Rxf7 $17) (31. e6 $1 $18 {[%cal Re6f7] ist viel giftiger.} Qh1+ 32. Qxh1 Rxh1+ 33. Kg2 Rxh4 34. Rxf7 (34. exf7+ Rxf7 35. Rxf7 Rxd4 $16) 34... Rc2+ 35. Kf3 Rxd4 36. Nh7 Rd3+ 37. Ke4 Re2+ 38. Kxd3 Rxe6 39. Rxb7) 31... Qd1 $2 (31... Qh1+ $16 32. Qxh1 Rxh1+ 33. Kg3 Rg1+ 34. Kh2 Rd1 35. Nf6+ (35. Bxa7 Rc4 $14) 35... Kh8) 32. Nf6+ $18 (32. Bxa7 Qxf3+ 33. Rxf3 R7c4 $16) 32... Kh8 $2 (32... Kf8 33. Be3 (33. Bxa7 Qxf3+ 34. Rxf3 R7c4 $16) 33... Qxf3+ 34. Rxf3 R1c4 35. Bc5+ (35. Bxa7 Rc8 $18) 35... R7xc5 36. Nd7+ Ke7 37. Nxc5 b6) 33. Qxd1 $2 (33. Ne8 $18 {jetzt Df6+ und aus.} Qh1+ 34. Qxh1 Rxh1+ 35. Kg2 Rxh4 36. Nxc7 Rg4+ 37. Kh3 Rxd4 38. Rxf7) 33... Rxd1 $16 {[#]} 34. Bb2 $1 ({Viel schlechter ist} 34. Bxa7 $6 Rd3+ 35. Kg2 Rc4 $11) 34... Rc6 {[#]} 35. b5 $1 {[%cal Rb5c6]} Rd3+ $2 (35... Re6 $16) 36. Kg2 $18 Rb6 (36... Re6 {kämpft weiter.} 37. Ne4 Re7 38. e6+ Kg8) 37. a4 Re6 38. Ne4 b6 $2 (38... Rb3 39. Ng5 Rb4 40. Nxe6 (40. Nxf7+ Kg8 $18) 40... fxe6) 39. Ng5 {Weiß steht klar auf Gewinn.} Kg8 40. Nxe6 fxe6 41. Bc1 Rd5 42. Rc2 Rxe5 43. Rc8+ Kf7 44. Rc7+ {Precision: Weiß = 64%, Schwarz = 24%.} 1-0

[Event "Yingmei Cup CHN-chT 2017"]
[Site "Guangdong"]
[Date "2017.12.03"]
[Round "20"]
[White "Lin, Chen"]
[Black "Lan, Zilun"]
[Result "1-0"]
[WhiteElo "2477"]
[BlackElo "2361"]
[Annotator "TA"]
[PlyCount "55"]
[EventDate "2017.??.??"]
[EventCountry "CHN"]
[SourceTitle "playchess.com"]
[Source "ChessBase"]
[SourceQuality "1"]

{[%evp 14,55,32,11,49,38,76,75,83,80,76,68,77,68,94,77,157,155,152,105,114,104,183,166,172,170,182,139,172,164,164,168,179,149,232,225,303,292,472,482,814,667,877,587]} 1. e4 c6 2. Nc3 d5 3. Nf3 Bg4 4. h3 Bxf3 5. Qxf3 Nf6 6. d3 e6 7. Bd2 Nbd7 {B11: Caro-Kann (Zweispringer-Variante)} 8. O-O-O {LiveBook: 10 Partien} b5 9. g4 {[%cal Bg2g4,Bg4g5][%mdl 32]} Nb6 $146 {Weiß steht etwas besser.} ({Vorgänger:} 9... b4 10. Ne2 Nc5 11. g5 Nfd7 12. h4 Be7 13. Bh3 a5 14. Kb1 O-O 15. Qg2 {1-0 (40) Gunnarsson,J (2368)-Speelman,J (2623) Istanbul 2000}) 10. g5 Nfd7 11. exd5 Nxd5 12. Nxd5 cxd5 13. d4 Qb6 14. h4 {[%cal Bh3h4,Bh4h5][%mdl 32]} g6 (14... Be7 $142) 15. h5 $16 Bg7 16. Be3 b4 17. Bd3 Rg8 {[#]} (17... Rb8 $16 {ist wohl besser.} 18. Kb1 Rg8) 18. Rh4 $1 $18 ({Finger weg von} 18. hxg6 $6 hxg6 19. Rde1 (19. Rh7 Nf8 $16) 19... Rc8 $14) 18... Ke7 19. Rf4 Raf8 20. Rh1 Bh8 21. hxg6 hxg6 22. Rh7 {[%cal Rf4f7]} Rg7 23. Qh1 Qb8 (23... Rxh7 $16 24. Qxh7 e5 25. dxe5 Qe6) 24. Rfh4 Rgg8 25. Bf4 e5 $2 (25... Qb6) 26. Bg3 {Weiß steht klar auf Gewinn.} Kd6 (26... Bg7 $142 27. Qxd5 Qd6) 27. f4 exd4 {[#]} 28. Rxh8 $1 {[%mdl 512] Precision: Weiß = 88%, Schwarz = 22%.} 1-0

[Event "Yingmei Cup CHN-chT 2017"]
[Site "Guangdong"]
[Date "2017.12.03"]
[Round "20"]
[White "Fang, Yan"]
[Black "Bu, Xiangzhi"]
[Result "0-1"]
[WhiteElo "2422"]
[BlackElo "2730"]
[Annotator "TA"]
[PlyCount "92"]
[EventDate "2017.??.??"]
[EventCountry "CHN"]
[SourceTitle "playchess.com"]
[Source "ChessBase"]
[SourceQuality "1"]

{[%evp 19,92,34,37,19,17,10,8,-11,-11,-6,-6,-22,0,-16,10,-18,9,0,0,0,0,-14,0,-16,-16,-17,-7,-7,-9,-18,-6,-14,0,0,0,0,0,0,0,0,0,0,0,-39,-56,-89,-16,-59,0,0,0,0,0,-14,0,0,0,-308,-47,-1553,-1468,-1261,-1011,-1948,-1619,-1345,-953,-2635,-2504,-12841,-12841,-12841,-12842,-12842,-12843]} 1. e4 g6 2. d4 Bg7 3. Nc3 c6 4. Bc4 d6 5. Nf3 Nf6 6. e5 dxe5 7. Nxe5 O-O 8. O-O Nbd7 9. Bg5 Nb6 {B08: Pirc Defence: Classical System} 10. Bb3 a5 {LiveBook: 6 Games} (10... Nfd5 11. Nxd5 Nxd5 12. Bh4 Bxe5 13. dxe5 Be6 14. Qd2 Qc7 15. Rfe1 Kg7 16. c4 Nb6 17. Qf4 {½-½ (26) Brynell,S (2602)-Berg,E (2649) Sweden 2008}) 11. a3 a4 {The position is equal.} 12. Ba2 Nfd5 13. Bh4 $146 ({Predecessor:} 13. Nxd5 Nxd5 14. Bh4 Be6 15. Re1 Nc7 16. c4 Ra5 17. f4 {1-0 (36) Veresov,G-Malich,B Berlin East 1965}) 13... Be6 14. Nxd5 Bxd5 15. Bxd5 cxd5 16. Re1 Nc8 17. Qd3 Nd6 18. Bxe7 Qxe7 19. Nxg6 $1 {[#]} Qxe1+ $1 {[%mdl 512]} 20. Rxe1 hxg6 21. c3 Rfe8 22. Rxe8+ Rxe8 23. g3 Nc4 24. Kg2 Bf8 25. h4 Re6 26. h5 b5 27. Qf3 Rd6 28. hxg6 fxg6 29. Qe2 Kf7 30. g4 Be7 31. Kg3 Rf6 32. Kg2 Ke8 ({Better is} 32... Rf4 $17 33. f3 Rf6) 33. g5 Rd6 (33... Rf5 $1 $15 34. Qe6 Nd6) 34. f4 $11 Kf7 35. Kf3 Re6 36. Qh2 {And now f5! would win.} Kg7 37. Qh6+ Kg8 {[#]} 38. f5 $1 {[%mdl 8704]} Bf8 $2 ({Black should play} 38... Nd2+ $19 39. Kg2 {[#]} Bxg5 $1 {[%mdl 512]} 40. Qxg5 Re2+ 41. Kh3 Rh2+ 42. Kxh2 Nf3+ 43. Kg3 Nxg5) (38... gxf5 39. Qxe6+) 39. fxe6 $4 {[%mdl 8192]} (39. Qh2 $15 gxf5 40. Qb8) 39... Bxh6 $19 {Black is clearly winning.} 40. gxh6 $15 {[%mdl 4096] Endgame KN-KP} Nd6 41. Kf4 Nf5 42. Ke5 Nxh6 43. Kf6 Kf8 44. Kxg6 Ng4 45. Kf5 Ne3+ 46. Kf6 Nc4 {Precision: White = 35%, Black = 50%.} 0-1

[Event "Yingmei Cup CHN-chT 2017"]
[Site "Guangdong"]
[Date "2017.12.03"]
[Round "20"]
[White "Ding, Yixin"]
[Black "Shen, Yang"]
[Result "1/2-1/2"]
[WhiteElo "2421"]
[BlackElo "2473"]
[Annotator "TA"]
[PlyCount "64"]
[EventDate "2017.??.??"]
[EventCountry "CHN"]
[SourceTitle "playchess.com"]
[Source "ChessBase"]
[SourceQuality "1"]

{[%evp 23,64,18,23,6,18,17,19,16,16,16,16,16,16,12,16,8,13,8,9,8,24,20,20,7,6,7,14,6,2,5,6,0,0,0,0,0,0,0,0,0,9,0,0]} 1. e4 e5 2. Nf3 Nc6 3. Bb5 Nf6 4. O-O Nxe4 5. Re1 Nd6 6. Nxe5 Be7 7. Bf1 Nxe5 8. Rxe5 O-O 9. Nc3 {[%cal Bb1c3,Bc3d5,Bd5e3,Be3f5][%mdl 32] C67: Spanische Partie (Berliner Verteidigung)} (9. d4 Ne8 10. Re1 d5 11. Bd3 c6 12. c3 Bd6 13. Nd2 g6 14. Nf3 Ng7 15. Bh6 Bg4 16. h3 Bxf3 17. Qxf3 {½-½ (30) Leko,P (2679)-Aronian,L (2801) Heraklio 2017}) 9... Ne8 10. Nd5 Bd6 11. Re1 c6 12. Ne3 Be7 {LiveBook: 32 Partien} 13. Nf5 {[#]} Bg5 $146 ({Vorgänger:} 13... Bf6 14. Qe2 d5 15. Ne7+ Kh8 16. Nxc8 Rxc8 {1-0 (79) Hovhannisyan,R (2631)-Pashikian,A (2607) Yerevan 2017}) 14. d4 Bxc1 15. Qxc1 d5 16. Ne7+ Kh8 17. Nxc8 Rxc8 18. Bd3 g6 19. Qf4 Kg8 20. c3 Qd6 21. Qh4 Qf6 22. Qxf6 Nxf6 {Die Stellung ist ausgeglichen.} 23. Re7 Rb8 24. f3 Rfe8 25. Rae1 (25. Ree1 {is more complex.} Nh5 26. Kf2 Kf8 27. g3 Rxe1 28. Rxe1 Re8 29. Re5) 25... Kf8 26. Rxe8+ Rxe8 27. Rxe8+ (27. Rb1 {seems wilder.} Nh5 28. Kf2 f5 29. g3 Kf7 30. b4) 27... Nxe8 $11 {KL-KS} 28. Kf2 Nd6 29. Ke3 Ke7 30. Kf4 Kf6 31. a4 a5 32. Be2 b6 {Precision: Weiß = 58%, Schwarz = 53%.} 1/2-1/2

[Event "Yingmei Cup CHN-chT 2017"]
[Site "Guangdong"]
[Date "2017.12.03"]
[Round "20"]
[White "Ushenina, Anna"]
[Black "Lei, Tingjie"]
[Result "1/2-1/2"]
[WhiteElo "2416"]
[BlackElo "2528"]
[Annotator "TA"]
[PlyCount "38"]
[EventDate "2017.??.??"]
[EventCountry "CHN"]
[SourceTitle "playchess.com"]
[Source "ChessBase"]
[SourceQuality "1"]

{[%evp 17,38,0,6,0,0,0,0,-15,0,0,0,0,0,0,0,0,0,0,0,0,0,0,0]} 1. Nf3 d5 2. d4 Nf6 3. c4 e6 4. Nc3 c6 5. g3 Nbd7 6. Bg2 dxc4 7. a4 Be7 8. O-O O-O 9. a5 {E01: Catalan: Early deviations} Nd5 {LiveBook: 16 Games. The position is equal.} 10. Qa4 (10. Bd2 b5 11. axb6 Qxb6 12. Na4 Qd8 13. Qc2 Ba6 14. Rfd1 Bb5 15. e4 Nb4 16. Bxb4 Bxb4 17. d5 cxd5 18. Nd4 Bxa4 19. Rxa4 Bc5 20. exd5 Bxd4 21. Rxd4 {½-½ (21) Nakamura,H (2780)-Ding,L (2774) Palma de Mallorca 2017}) 10... b5 11. axb6 $1 N7xb6 12. Qxc6 $146 ({Predecessor:} 12. Qc2 Nb4 13. Qb1 a5 14. Bd2 f6 15. Rc1 f5 16. Rd1 Bb7 17. Qc1 Re8 18. Bg5 Bxg5 19. Qxg5 Qxg5 20. Nxg5 a4 21. Nf3 Red8 22. e3 Nd3 23. Ne1 {½-½ (23) Rawlings,A (2379)-Hamann,H (2306) ICCF email 2014}) 12... Bd7 13. Qb7 Bc8 (13... Rb8 $5 14. Qa6 $8 Nb4 $11) 14. Qc6 a6 {[#] aiming for ...Ra7.} 15. Bd2 Bd7 16. Qb7 Bc8 17. Qc6 Bd7 18. Qb7 Bc8 19. Qc6 Bd7 1/2-1/2